Rio Open Champions Tennis - Statistics

General Stats
  • This quiz has been taken 12 times
  • The average score is 8 of 12
Answer Stats
Year Country Winner % Correct
2022 Spain Carlos Alcaraz
89%
2023 United Kingdom Cameron Norrie
78%
2014 Spain Rafael Nadal
78%
2025 Argentina Sebastián Báez
78%
2024 Argentina Sebastián Báez
78%
2015 Spain David Ferrer
67%
2018 Argentina Diego Schwartzman
67%
2017 Austria Dominic Thiem
67%
2016 Uruguay Pablo Cuevas
67%
2026 Argentina Tomás Martín Etcheverry
67%
2020 Chile Cristian Garín
44%
2019 Serbia Laslo Djere
44%
No matching quizzes found
Score Distribution
Percent of People with Each Score
Percentile by Number Answered
Your Score History
You have not taken this quiz